| 000 | 00803cab a2200241 4500 | ||
|---|---|---|---|
| 001 | ABS44156 | ||
| 008 | 090401t1991 xxu||||| |||| 00| 0 eng d | ||
| 035 | _a(Sirsi) u45578 | ||
| 041 | _aeng | ||
| 245 | _aMortgage inspections - the valuers duty | ||
| 260 | _c1991 | ||
| 350 | _a0 | ||
| 490 |
_aEstates Gazette _v(9106) 16 February 1991, 184(1) |
||
| 520 | _aConsiders the case of Lloyd v Butler (Abs 43867) which discussed what the house buyer as opposed to the lending institution is entitled to expect from a mortgage valuation . | ||
| 650 | _aDUTY OF CARE | ||
| 650 | _aPROSPECTIVE PURCHASERS | ||
| 650 | _aSTRUCTURAL SURVEYS | ||
| 650 |
_aValuation _96273 |
||
| 650 | _aVALUERS | ||
| 690 | _aMANAGEMENT-BUSINESS MANAGEMENT-PROFESSIONAL PRACTICE | ||
| 942 | _n0 | ||
| 948 | _c04/03/1997 | ||
| 999 |
_c28873 _d28873 |
||